| 000 | 00337nam a22001217a 4500 | ||
|---|---|---|---|
| 020 | _a9789381450659 | ||
| 082 |
_a381.410954 _bSHA/EC |
||
| 100 |
_aShailendra Nath,Thakur _91169 |
||
| 245 | _aEconomics, Marketing and Sales of Agricultural Products | ||
| 260 |
_aNew Delhi _bNew India Publishing Agency _c2013 |
||
| 300 | _a341 | ||
| 942 | _cBK | ||
| 999 |
_c14667 _d14667 |
||